000 02004nam a2200265 i 4500
003 DO-SdBNP
005 20251215122618.0
007 ta
008 251014b2025 dr ||||| |||| 00| e spa d
020 _a9789945656299
040 _aDO-SdBNP
_bspa
_cBNPHU
_erda
041 _aspa
082 4 _axxxx
_bA676e
_222
100 _aArdavín Trabanco, Carlos X.,
_d1967-
_4aut.
_920519
_eautor
245 1 3 _aLa escritura de Máximo Vega /
_ceditor, Carlos Ardavín Trabanco.
264 _aSanto Domingo :
_bEditorial Santuario,
_c2025.
300 _a128 páginas ;
_c23 cm.
336 _atexto
_btxt
_2rdacontent
337 _asin mediación
_bn
_2rdamedia
338 _avolumen
_bnc
_2rdacarrier
500 _aIncluye datos biográficos de los autores en las solapas.
505 _aNotas previa, 11. --
_gI. Reseñas y comentarios.
_tJuguete de madera: un comentario /
_rManuel Vicioso, 15 --
_tEl mundo ajeno de Ana /
_rUbaldo Rosario, 19 --
_tLa ciudad perdida /
_rJosé Acosta, 21 --
_tEra lunes ayer /
_rJosé Alcántara Almánzar, 25 --
_tPalma sola: novela en l os linderos de la historia /
_rJosé Rafael Lantigua, 29 --
_gII. Estudios. --
_tEl juego narrativo de Máximo Vega /
_rFernando Cabrera, 35 --
_tJuguete de madera: retorno al placer del éxito /
_rNana Chevalier, 43 --
_tOraciones para cuando llegue el fin del mundo /
_rManuel Llibre Otero, 51 --
_tEntre el ensayo y la crítica en el libro de los últimos días /
_rEnegildo Peña, 57 --
_tAmor e intelectualidad en Palma Sola /
_rGiovani Di Pietro, 63 --
_gIII. Entrevista. --
_tMáximo Vega: rompiendo con el mito del pesimismo dominicano /
_rRuth Herrera, 81 --
_tUn mercenario que hace literatura /
_rAltagracia Pérez, 89 --
_tEl otro lado del espejo /
_rRené Rodríguez Soriano, 97 --
_tMáximo Vega: entrevista /
_rClodomiro Moquete, 103 --
_tEn torno a juguete de madera /
_rRosa Silverio, 115 --
_tMáximo Vega muy personal /
_rYngrid González de Rodríguez, 123 --
_tObras de Máximo Vega, 127
590 _aInventariado, 2025 /LP
942 _2ddc
_cLBS1
999 _c59950
_d59950